000 00409nam a2200181Ia 4500
005 20240823033449.0
008 240823s9999||||xx |||||||||||||| ||und||
041 _aENGLISH
082 _A791.95482 P7
100 _aSabeetha Joseph
245 0 _aKalaivanar 100
250 _a2nd
260 _c2007
_bNakeeran Public
500 _aYES
650 _aTamil Books
_bGeneral
942 _cBK
999 _c195876
_d195876